European Countries anagrams - Statistics

General Stats
  • This quiz has been taken 845 times
  • The average score is 24 of 35
Answer Stats
Anagram Country % Correct
arnfce France
99%
cerege Greece
87%
latyi Italy
84%
rupycs Cyprus
83%
remangy Germany
82%
vosoko Kosovo
81%
rethennlads Netherlands
81%
vtlaia Latvia
79%
ralebus Belarus
78%
nacomo Monaco
76%
plndoa Poland
76%
witresndalz Switzerland
72%
yrngarh Hungary
71%
akaivlos Slovakia
71%
olnevais Slovenia
71%
lnifdan Finland
69%
uiglebg Belgium
68%
ramedkn Denmark
68%
niabala Albania
67%
ropgutla Portugal
66%
namoria Romania
66%
ieelthsctenni Liechtenstein
65%
rwoyna Norway
65%
edamcdniao Macedonia
63%
nteomrogen Montenegro
62%
usaira Russia
62%
rstaiua Austria
61%
hcpurbzeccile Czech Republic
61%
iankure Ukraine
58%
lecdicn Iceland
52%
nmeriama Armenia
51%
nosetai Estonia
49%
niticiaytvc Vatican City
47%
ginnitkoddeum United Kingdom
46%
onarisman San Marino
39%
No matching quizzes found
Score Distribution
Percent of People with Each Score
Percentile by Number Answered
Your Score History
You have not taken this quiz